| 000 | 00828nam a22002537a 4500 | ||
|---|---|---|---|
| 005 | 20170123162327.0 | ||
| 010 | _a313899 | ||
| 020 | _c2.00 | ||
| 035 | _a313899 | ||
| 037 | _bCen Lib/Ret | ||
| 040 |
_aDPL _bUR |
||
| 082 |
_aن _bچ ٹ ر |
||
| 100 |
_aچترجی، شرت چند _973 |
||
| 245 |
_aبڑی دیدی و مجھلی دیدی / _c شرت چند چترجی |
||
| 246 |
_aBadi didi va majhli didi / _bby Sharat Chand Chatterji |
||
| 260 |
_aنیی دہلی _bلاجپت رہے اینڈ سنز |
||
| 270 |
_bنیی دہلی _aتاجران کتب اردو بازار _e110005 |
||
| 300 |
_a152p. _c18cm(Hb) |
||
| 650 |
_aاردو ادب _9120023 |
||
| 650 |
_aاردو ناول _9547 |
||
| 650 |
_aUrdu literature _9120024 |
||
| 650 |
_aUrdu novel _9120025 |
||
| 942 |
_2ddc _cUR _hن _mچ ٹ ر |
||
| 999 |
_c107548 _d107548 |
||